An introduction to dynamic meteorology

Αποθηκεύτηκε σε:
Λεπτομέρειες βιβλιογραφικής εγγραφής
Κύριος συγγραφέας: Holton, James R.
Μορφή: Βιβλίο
Γλώσσα:English
Δημοσίευση: Boston; London, UK : Elsevier Academic Press, 2004
Έκδοση:4th ed.
Σειρά:International geophysics series ; ; 88
Θέματα:
Ετικέτες: Προσθήκη ετικέτας
Δεν υπάρχουν, Καταχωρήστε ετικέτα πρώτοι!

MARC

LEADER 00000nam a2200000 i 4500
001 1/47253
008 070702s2004 eng d
020 |a 978-0-12-354015-7 (hbk.) 
020 |a 0-12-354015-1 (hbk.) 
020 |a 978-0-12-354016-4 (cd-rom) 
020 |a 0-12-354016-X (cd-rom) 
035 |l 10088592 
040 |a GR-MY-UA  |b gre  |e aacr 
041 0 |a eng 
082 0 |a 551.5153  |2 (22) 
100 1 |a Holton, James R. 
245 1 3 |a An introduction to dynamic meteorology /  |c James R. Holton 
250 |a 4th ed.  
260 |a Boston; London, UK :   |b Elsevier Academic Press,   |c 2004 
300 |a xii, 535 σ.;  |b διαγρ.;  |c 24 εκ.+  |e 1 οπτικός δίσκος (4 3/4 ίν.) 
490 1 |a International geophysics series  |v ; 88 
504 |a Βιβλιογραφία: σ. 513-517 
504 |a Περιέχει ευρετήριο 
650 0 0 |a Dynamic meteorology. 
650 0 0 |a Meteorology. 
650 0 0 |a Atmosphere. 
830 0 |a International geophysics series ;  |v ; 88 
852 |a INST  |b LESVOS  |e 20070702  |h 551.5153 HOL  |p 005100037877  |q 005100037877  |t BK  |y 0 
852 |a INST  |b LESVOS  |e 20070702  |h 551.5153 HOL   |p 005100037876  |q 005100037876  |t BK  |y 0 
901 |a BIBL1-2007-2 
909 |a Λ  |b 135420 
909 |a Λ  |b 132905 
922 |a 1ΕΛΗ  |b 200706  |c ΕΠΕΑΕΚ2/ΤΓ  |d ΠΑΠΑΣΩΤΗΡΙΟΥ 
970 |a ΒΑΡΚΑ  |b ΕΛΕΥΘΕΡΙΑ  |z 2007/07/02